|
|
|
|
| LEADER |
01691nam a22003493i 4500 |
| 001 |
AAL9664 |
| 003 |
BD-DhAAL |
| 005 |
20180521095539.0 |
| 008 |
180521s2016 bg ab b 000 0 beno |
| 999 |
|
|
|c 39365
|d 39365
|
| 010 |
|
|
|a 2016310603
|
| 020 |
|
|
|z 9847020500766
|
| 025 |
|
|
|a B-B-2016310603; 22-92
|
| 040 |
|
|
|a DLC
|b eng
|e rda
|c DLC
|d CGU
|d NIC
|d BD-DhAAL
|
| 050 |
|
4 |
|a DS396.9.M85
|b I43 2016
|
| 082 |
|
|
|a 954.9205
|
| 100 |
0 |
|
|a আলি, এ. এফ. ইমাম
|9 25905
|
| 245 |
0 |
0 |
|a মুজিবনগরের গ্রামীন চর্মকার সম্প্রদায় :
|b সামাজিক অসমতা ও মিথস্ক্রিয়া /
|c এ. এফ. ইমাম আলি, মোঃ মজনুর রশিদ
|
| 246 |
1 |
|
|i Title in roman on verso title page:
|a Mujibnagorer grameen charmokar samprodai
|
| 264 |
|
1 |
|a ঢাকা :
|b নভেল পাবলিশিং ,
|c 2016.
|
| 300 |
|
|
|a 238 pages :
|b illustrations, maps ;
|c 22 cm
|
| 504 |
|
|
|a Includes bibliographical references.
|
| 520 |
|
|
|a Study on the caste system and social inequality between various castes in Mujibnagar of Bangladesh.
|
| 541 |
|
|
|e 9664
|
| 546 |
|
|
|a In Bengali.
|
| 650 |
|
0 |
|a Caste
|z Bangladesh
|z Mujibnagar.
|9 25906
|
| 650 |
|
0 |
|a Equality
|z Bangladesh
|z Mujibnagar.
|9 25907
|
| 651 |
|
0 |
|a Mujibnagar (Bangladesh)
|x Social conditions.
|9 25908
|
| 700 |
0 |
|
|a রশিদ, মোঃ মজনুর
|9 25909
|
| 852 |
|
|
|a Savar Campus Library
|c General Shelf
|
| 942 |
|
|
|2 ddc
|c BK
|
| 952 |
|
|
|0 0
|1 0
|2 ddc
|4 0
|6 954_920500000000000_ALI
|7 0
|9 63348
|a SCL
|b SCL
|c GEN
|d 2018-05-21
|e Development Book Agency
|g 255.00
|l 0
|o 954.9205 ALI
|p 3020009664
|r 2018-05-21
|t 1
|w 2018-05-21
|y BK
|